<?xml version="1.0" encoding="UTF-8"?>
<collection xmlns="http://www.loc.gov/MARC21/slim">
 <record>
  <leader>01350nam a2200217Ia 4500</leader>
  <controlfield tag="001">TDMU_7123</controlfield>
  <controlfield tag="008">210410s9999    xx            000 0 und d</controlfield>
  <datafield tag="082" ind1=" " ind2=" ">
   <subfield code="a">370.7 071</subfield>
  </datafield>
  <datafield tag="090" ind1=" " ind2=" ">
   <subfield code="b">NG528</subfield>
  </datafield>
  <datafield tag="100" ind1=" " ind2=" ">
   <subfield code="a">TrâÌ€n, BaÌ HoaÌ€nh</subfield>
  </datafield>
  <datafield tag="245" ind1=" " ind2="0">
   <subfield code="a">ĐaÌnh giaÌ trong giaÌo duÌ£c</subfield>
  </datafield>
  <datafield tag="245" ind1=" " ind2="0">
   <subfield code="b">TaÌ€i liêÌ£u duÌ€ng cho caÌc trươÌ€ng ĐaÌ£i hoÌ£c vaÌ€ Cao đăÌ‰ng sư phaÌ£m</subfield>
  </datafield>
  <datafield tag="245" ind1=" " ind2="0">
   <subfield code="c">GS. TrâÌ€n baÌ HoaÌ€nh</subfield>
  </datafield>
  <datafield tag="260" ind1=" " ind2=" ">
   <subfield code="a">H.</subfield>
  </datafield>
  <datafield tag="260" ind1=" " ind2=" ">
   <subfield code="b">[Knxb]</subfield>
  </datafield>
  <datafield tag="260" ind1=" " ind2=" ">
   <subfield code="c">1995</subfield>
  </datafield>
  <datafield tag="300" ind1=" " ind2=" ">
   <subfield code="a">95tr.</subfield>
  </datafield>
  <datafield tag="520" ind1=" " ind2=" ">
   <subfield code="a">Trang biÌ€a ghi: taÌ€i liêÌ£u biên soaÌ£n theo chương triÌ€nh chi tiêÌt đaÌƒ đươÌ£c VuÌ£ ĐaÌ£i hoÌ£c thông qua; Cung câÌp nhưÌƒng khaÌi niêÌ£m cơ baÌ‰n, nhưÌƒng phương phaÌp, kyÌƒ thuâÌ£t, quy triÌ€nh đaÌnh giaÌ caÌc đôÌi tươÌ£ng ngươÌ€i hoÌ£c trong quaÌ triÌ€nh daÌ£y vaÌ€ hoÌ£c hiêÌ£n đaÌ£i</subfield>
  </datafield>
  <datafield tag="650" ind1=" " ind2=" ">
   <subfield code="a">GiaÌo duÌ£c; Khoa hoÌ£c giaÌo duÌ£c; ĐaÌnh giaÌ; GiaÌo duÌ£c thưÌ£c haÌ€nh; ; GiaÌo duÌ£c hoÌ£c</subfield>
  </datafield>
  <datafield tag="856" ind1=" " ind2=" ">
   <subfield code="u">http://lrc.tdmu.edu.vn/opac/search/detail.asp?aID=2&amp;ID=7123</subfield>
  </datafield>
  <datafield tag="980" ind1=" " ind2=" ">
   <subfield code="a">Trung tâm Học liệu Trường Đại học Thủ Dầu Một</subfield>
  </datafield>
 </record>
</collection>
